UNA Revista de derecho

Bibliographic Details
Format: eBook
Language:Spanish
Published: Bogot:̀ Universidad de Los Andes, 2016 -
Subjects:
Online Access:Acceso restringido

MARC

LEADER 00000nam a22000007a 4500
005 20170518130021.0
007 cr|||| ||||
008 170518c20169999co ||p s|||| 0|||b1spa d
035 |a 14618 
040 |a vLex 
090 |c 6659  |d 6659 
245 0 0 |a UNA  |h [Recurso electrn̤ico] :  |b Revista de derecho 
256 |a Servicio en ln̕ea 
260 |a Bogot:̀  |b Universidad de Los Andes,  |c 2016 -  
300 |a 1 recurso electrn̤ico 
310 |a Irregular 
362 |a Nm︢. 1 (2016) - 
506 0 |a Contenido disponible en los productos indicados  |d vLex Global  |d vLex Global (Academic Edition, excluding Law Schools)  |d vLex Global (U.S. Academic Edition, Law Schools)  |d vLex Global (U.S. Academic Edition, excluding Law Schools)  |d vLex Global (Academic Edition, Law Schools) 
650 0 4 |a Derecho  |z Colombia 
740 0 |a vLex Revistas (Servicio en linea) 
856 4 0 |u http://vlex.com/source/una-revista-de-derecho-14618  |z Acceso restringido 
942 |c REV 
999 0 |a Law